|
|
|
|
| LEADER |
00000cam a2200000 7i4500 |
| 001 |
0000026314 |
| 005 |
20150715.0 |
| 008 |
09072015 xxua eng |
| 020 |
|
|
|a 9780415843539 ,
|c RM240.00
|
| 040 |
|
|
|a INS
|
| 090 |
0 |
0 |
|a HT241
|b A97 2014
|
| 100 |
1 |
|
|a Austin, Gary
|
| 245 |
1 |
0 |
|a Green Infrastructure for landscape planning :
|b Integrating human and natural systems
|c Gary Austin
|
| 260 |
|
|
|a New York :
|b Routledge ,
|c 2014
|
| 300 |
|
|
|a 266p :
|b ill ;
|c 24cm.
|
| 500 |
|
|
|a Includes bibliographical references index
|
| 650 |
|
0 |
|a City planning
|x Environmental aspects
|
| 650 |
|
0 |
|a Environmental engineering
|
| 650 |
|
0 |
|a Municipal engineering
|
| 650 |
|
0 |
|a Urban ecology (Sociology)
|
| 999 |
|
|
|a 1000002222
|b BOOK
|c Open Shelf
|e Default branch
|